| LEADER : 00000nam 2200000uu 4500 |
| 001 13399129209 |
| 003 ULIB |
| 008 260511s2568||||th 000 0 tha d |
| 020 ^a9786162718076
|
| 060 4 ^aWG168.5^bค695
|
| 245 0 ^aคู่มือการดูแลผู้ป่วยที่ใส่เครื่องพยุงปอดและหัวใจ =^bThe PSU ECMO book /^cนวพร อัษณางค์กรชัย, พงศ์เสน่ห์ ดวงภักดี, กันทรา แซ่ลิ่ม, บุปผา อินทรัตน์, บรรณาธิการ
|
| 246 3 ^aThe Prince of Songkla University extracorporeal membrane oxygenation book.
|
| 246 3 ^aThe PSU ECMO book.
|
| 250 ^aพิมพ์ครั้งที่ 1.
|
| 260 ^aสงขลา :^bศูนย์ความเป็นเลิศด้านการดูแลผู้ป่วยด้วยเครื่องพยุงปอดและหัวใจ คณะแพทยศาสตร์ มหาวิทยาลัยสงขลานครินทร์,^c2568
|
| 300 ^a(32), 405 หน้า :^bภาพประกอบ, แผนภูมิ ;^c21 ซม. +^e(3 แผ่นป้าย 6 หน้า ; 15x21 ซม.)
|
| 505 0 ^aSection 1 สรีรวิทยาและวงจรเครื่องพยุงปอดและหัวใจ (ECMO physiology and circuit) -- บทที่ 1 ^tสรีรวิทยาของวงจรเครื่องพยุงปอดและหัวใจ -- บทที่ 2 ^tส่วนประกอบของวงจร -- บทที่ 3 ^tการจัดวงจรเครื่องพยุงปอดและหัวใจ -- Section 2 ข้อบ่งชี้และการคัดเลือกผู้ป่วย (Indication and patient selection) -- บทที่ 4 ^tการเลือกผู้ป่วยสำหรับรักษาด้วยเครื่องพยุงปอดและหัวใจ สำหรับผู้ใหญ่ -- บทที่ 5 ^tการเลือกผู้ป่วยสำหรับการรักษาด้วยเครื่องพยุงปอดและหัวใจสำหรับเด็ก -- บทที่ 6 ^tการเลือกผู้ป่วยเพื่อรักษาด้วยเครื่องพยุงปอดและหัวใจในผู้ป่วยหัวใจหยุดเต้น -- บทที่ 7 ^tข้อควรคำนึงในผู้ป่วยอุบัติเหตุสำหรับการรักษาด้วยเครื่องพยุงปอดและหัวใจ -- Section 3 การเริ่มต้นการรักษาด้วยเครื่องพยุงปอดและหัวใจ (ECMO initiation and cannulation) -- บทที่ 8 ^tการเริ่มต้นการรักษาด้วยเครื่องพยุงปอดและหัวใจ -- บทที่ 9 ^tการใส่สายสวนหลอดเลือดในผู้ป่วยที่รักษาด้วยเครื่อง พยุงปอดและหัวใจ -- บทที่ 10^tการผ่าตัดเพื่อถอดสายสวนหลอดเลือด -- ^tบทที่ 11 การพยาบาลผู้ป่วยผ่าตัดใส่เครื่องพยุงปอดและหัวใจ -- ^tบทที่ 12 แนวทางปฏิบัติสำพรับ ECFR ของโรงพยาบาลสงชสงชลานครินทร์ -- ^tบทที่ 13 แนวทางดูแลผู้ป่วยหลัง ECPR -- บทที่ 14 ^tการหย่าจากเครื่องพยุงปอดและหัวใจ -- บทที่ 15 ^tแนวทางการปฏิบัติและการพิจารณาผู้ป่วยสำหรับการปลูกถ่ายปอดและหัวใจ -- บทที่ 16 ^tแนวปฏิบัติการติดตามผู้ป่วยเด็กที่รับการรักษาด้วยเครื่องพยุงปอดและหัวใจ.
|
| 505 0 ^aSection 4 การติดตามดูแลผู้ป่วยประจำวัน (Daily care and monitoring) -- บทที่ 17 ^tการเฝ้าสังเกตทางสรีรวิทยา -- บทที่ 18 ^tการติดตามประจำวันในผู้ใหญ่ -- บทที่ 19 ^tแนวทางการรักษาสำหรับผู้ป่วยรับใหม่ ผู้ใหญ่ -- บทที่ 20 ^tการติดตามประจำวันในเด็ก -- บทที่ 21 ^tการเฝ้าระวังการทำงานของวงจรประจำวัน -- บทที่ 22 ^tภาวะ LV distension และการพิจารณา LV unloading ในผู้ป่วย VA-ECMO -- บทที่ 23 ^tการตั้งเครื่องช่วยหายใจ -- บทที่ 24 ^tแนวทางการให้และปรับยาต้านการแข็งตัวของเลือด -- บทที่ 25 ^tการให้เลือดและส่วนประกอบของเลือดทดแทน -- บทที่ 26 ^tแนวทางการให้ยาระงับปวดและยาคลายกังวล -- บทที่ 27 ^tการให้ยาปฏิชีวนะ -- บทที่ 28 ^tการจัดการทางโภชนาการ -- บทที่ 29 ^tการเคลื่อนย้ายผู้ป่วยไปทำหัตถการภายในโรงพยาบาล -- Section 5 ภาวะแทรกซ้อน (Complication) -- บทที่ 30 ^tภาวะแทรกซ้อนที่เกิดขึ้นกับผู้ป่วย -- บทที่ 31 ^tภาวะแทรกซ้อนที่เกิดขึ้นกับวงจร -- บทที่ 32 ^tความผิดปกติที่เกิดขึ้นบ่อยและแนวทางแก้ไข -- บทที่ 33 ^tภาวะไตวายฉับพลันและการใช้การบำบัดทดแทนไตแบบต่อเนื่อง -- Section 6 เบ็ดเตล็ด (Miscellaneous) -- บทที่ 34 ^tการขอคำยินยอมเพื่อรับการรักษา -- บทที่ 35 ^tการเบิกจ่ายค่ารักษาพยาบาล -- บทที่ 36 ^tการตรวจเอกชเรย์คอมพิวเตอร์ -- บทที่ 37 ^tแนวทางพัฒนาคุณภาพการรักษา.
|
| 505 0 ^aสรีรวิทยาและวงจรเครื่องพยุงปอดและหัวใจ (ECMO physiology and circuit) -- สรีรวิทยาของวงจรเครื่องพยุงปอดและหัวใจ -- ส่วนประกอบของวงจร -- การจัดวงจรเครื่องพยุงปอดและหัวใจ -- ข้อบ่งชี้และการคัดเลือกผู้ป่วย (Indication and patient selection) -- การเลือกผู้ป่วยสำหรับรักษาด้วยเครื่องพยุงปอดและหัวใจ สำหรับผู้ใหญ่ -- การเลือกผู้ป่วยสำหรับการรักษาด้วยเครื่องพยุงปอดและหัวใจ สำหรับเด็ก -- การเลือกผู้ป่วยเพื่อรักษาด้วยเครื่องพยุงปอดและหัวใจในผู้ป่วยหัวใจหยุดเต้น -- ข้อควรคำนึงในผู้ป่วยอุบัติเหตุสำหรับการรักษาด้วยเครื่องพยุงปอดและหัวใจ -- การเริ่มต้นการรักษาด้วยเครื่องพยุงปอดและหัวใจ (ECMO initiation and cannulation) -- การเริ่มต้นการรักษาด้วยเครื่องพยุงปอดและหัวใจ -- การใส่สายสวนหลอดเลือดในผู้ป่วยที่รักษาด้วยเครื่อง พยุงปอดและหัวใจ -- การผ่าตัดเพื่อถอดสายสวนหลอดเลือด -- การพยาบาลผู้ป่วยผ่าตัดใส่เครื่องพยุงปอดและหัวใจ -- แนวทางปฏิบัติสำพรับ ECFR ของโรงพยาบาลสงชสงชลานครินทร์ -- แนวทางดูแลผู้ป่วยหลัง ECPR -- การหย่าจากเครื่องพยุงปอดและหัวใจ -- แนวทางการปฏิบัติและการพิจารณาผู้ป่วยสำหรับการปลูกถ่ายปอดและหัวใจ -- แนวปฏิบัติการติดตามผู้ป่วยเด็กที่รับการรักษาด้วยเครื่องพยุงปอดและหัวใจ -- การติดตามดูแลผู้ป่วยประจำวัน (Daily care and monitoring) -- การเฝ้าสังเกตทางสรีรวิทยา -- การติดตามประจำวันในผู้ใหญ่ -- แนวทางการรักษาสำหรับผู้ป่วยรับใหม่ ผู้ใหญ่ -- การติดตามประจำวันในเด็ก -- การเฝ้าระวังการทำงานของวงจรประจำวัน -- ภาวะ LV distension และการพิจารณา LV unloading ในผู้ป่วย VA-ECMO -- การตั้งเครื่องช่วยหายใจ -- แนวทางการให้และปรับยาต้านการแข็งตัวของเลือด -- การให้เลือดและส่วนประกอบของเลือดทดแทน -- แนวทางการให้ยาระงับปวดและยาคลายกังวล -- การให้ยาปฏิชีวนะ -- การจัดการทางโภชนาการ -- การเคลื่อนย้ายผู้ป่วยไปทำหัตถการภายในโรงพยาบาล -- ภาวะแทรกซ้อน (Complication) -- ภาวะแทรกซ้อนที่เกิดขึ้นกับผู้ป่วย -- ภาวะแทรกซ้อนที่เกิดขึ้นกับวงจร -- ความผิดปกติที่เกิดขึ้นบ่อยและแนวทางแก้ไข -- ภาวะไตวายฉับพลันและการใช้การบำบัดทดแทนไตแบบต่อเนื่อง -- เบ็ดเตล็ด (Miscellaneous) -- การขอคำยินยอมเพื่อรับการรักษา -- การเบิกจ่ายค่ารักษาพยาบาล -- การตรวจเอกชเรย์คอมพิวเตอร์ -- แนวทางพัฒนาคุณภาพการรักษา
|
| 650 2 ^aCardiovascular system^xsurgery.
|
| 650 2 ^aECMO Treatment.
|
| 650 2 ^aExtracorporeal Circulation.
|
| 650 2 ^aExtracorporeal membrane oxygenation^xmethods.
|
| 650 2 ^aTherapeutics^xcomplications.
|
| 650 4 ^aเขตพัฒนาพิเศษภาคตะวันออก (อีอีซี).
|
| 650 4 ^aปอด^xโรค.
|
| 650 4 ^aระบบหัวใจและปอด^xโรค.
|
| 650 4 ^aระบบหัวใจและปอด^xโรค^vคู่มือ.
|
| 650 4 ^aโรคหัวใจ
|
| 650 4 ^aหัวใจ
|
| 650 4 ^aหัวใจ^xโรค.
|
| 650 4 ^aอุตสาหกรรมการพัฒนาบุคลากรและการศึกษา.
|
| 650 7 ^aการรักษาโรค^xภาวะแทรกซ้อน
|
| 650 7 ^aปอด^xโรค^xการพยาบาล
|
| 650 7 ^aปอด^xโรค^xผู้ป่วย
|
| 650 7 ^aระบบหัวใจ^xโรค^vคู่มือ
|
| 650 7 ^aระบบหัวใจและปอด
|
| 650 7 ^aหัวใจ ^xโรค ^xการพยาบาล
|
| 650 7 ^aหัวใจ ^xโรค ^xผู้ป่วย
|
| 655 4 ^aHealth Sciences Branch.
|
| 690 ^aสิ่งพิมพ์มหาวิทยาลัยสงขลานครินทร์
|
| 695 ^aHealth Sciences.
|
| 700 0 ^aกันทรา แซ่ลิ่ม,^eบรรณาธิการร่วม
|
| 700 0 ^aนวพร อัษณางค์กรชัย,^eบรรณาธิการ
|
| 700 0 ^aบุปผา อินทรัตน์,^eบรรณาธิการร่วม
|
| 700 0 ^aปณิธิ ลิ้มธนิตศักดิ์,^eผู้วาดภาพประกอบ
|
| 700 0 ^aพงศ์เสน่ห์ ดวงภักดี,^eบรรณาธิการร่วม
|
| 710 2 ^aมหาวิทยาลัยสงขลานครินทร์.^bคณะแพทยศาสตร์
|
| 999 ^aประนอม เกษจรัล
|